| 000 | 00646nam a2200241 a 4500 | ||
|---|---|---|---|
| 001 | 1518439 | ||
| 005 | 20180228072803.0 | ||
| 008 | 891027s1989 ohua j b 001 0 eng | ||
| 010 | _a 89200394 | ||
| 020 | _a0675020220 | ||
| 040 |
_aDLC _cDLC _dDLC |
||
| 041 | _aeng | ||
| 042 | _alcac | ||
| 080 | _a909 MIR | ||
| 082 | 0 | 0 |
_a909 MIR _220 |
| 100 | 1 | _a16. | |
| 101 | _aHIS | ||
| 245 | 1 | 0 | _aHuman heritage : |
| 504 | _aIncludes bibliographical references. | ||
| 906 |
_a7 _bcbc _corignew _d2 _encip _f19 _gy-gencatlg |
||
| 942 |
_2ddc _cBK |
||
| 999 |
_c43708 _d43708 |
||